| 000 | 00420nam a22001697a 4500 | ||
|---|---|---|---|
| 999 |
_c526645 _d526645 |
||
| 003 | NUST | ||
| 038 | _awaseem | ||
| 082 |
_a891.421 _bSAH |
||
| 100 |
_aShareef Fiaz _917647 |
||
| 245 |
_aKhair tay hai / _cShareef Fiaz |
||
| 260 |
_aLahore : _bAkbar Acadmi, _c2010. |
||
| 300 | _a160 p. ; | ||
| 500 | _aHardcover. | ||
| 880 |
_6100.01\r _aشریف فیاض |
||
| 880 |
_6245-02\r _aخیر تے ہے / |
||
| 942 |
_2ddc _cBK |
||